000 00329nam a2200133Ia 4500
005 20251222143203.0
008 251222s9999||||xx |||||||||||||| ||spa||
020 _a9972-623-11-4
082 _a332.985/C28
100 _aCarranza, Víctor
245 0 _aGlobalización y Crisis Social en el Perú
264 _bIFEA
942 _cLIB
999 _c13154
_d13154